000 00436nam a2200181Ia 4500
003 0100
005 20150401111246.0
008 130303s9999 xx 000 0 und d
040 _cARRUPELIB
050 _aJC575.B34 1987
100 _aBaker, John
_916850
245 _aArguing for equality
260 _aLondon
_bVerso
_c1987
300 _axv
300 _b 182p. 22cm.
650 _bEquality
_916851
942 _2lcc
_01
_cMONOGRAPH
999 _c63894
_d63894